| 000 | 00700nam a2200181 a 4500 | ||
|---|---|---|---|
| 001 | 000000474 | ||
| 005 | 20200929145340.0 | ||
| 008 | 081204nuuuuuuuudr ac 000 0 spa d | ||
| 040 |
_aDO-SdBNP _bspa _cBNPHU |
||
| 082 |
_a630.72 _bI59p |
||
| 110 | 2 |
_aInstituto Dominicano de Investigaciones Agropecuarias y Forestales _9299 |
|
| 245 | 1 | 0 |
_aProyectos de investigación : _bCentro de Tecnologías Agrícolas. |
| 260 |
_aSanto Domingo : _bIDIAF, _c[s.f.]. |
||
| 300 |
_a14 p. : _bil., retr. ; _c22 cm. |
||
| 650 | 4 |
_aInvestigación agrícola _zRepública Dominicana _9126 |
|
| 650 | 4 |
_aAgricultura _zRepública Dominicana _91568 |
|
| 710 | 2 |
_aInstituto Dominicano de Investigaciones Agropecuarias y Forestales _9299 |
|
| 999 |
_c472 _d472 |
||